[Event "Open SSM Settembre"]
[Site "Milano ITA"]
[Date "2015.09.10"]
[Round "1"]
[White "Ceraulo, Carlo Alberto"]
[Black "Zaccheroni, Dario"]
[WhiteElo "1456"]
[BlackElo "1776"]
[Result "0-1"]
[PlyCount "68"]
[EventDate "2015.10.15"]

1. d4 Nf6 2. c4 e6 3. Nc3 Bb4 4. Bg5 c6 5. e3 Qa5 6. Bxf6 Bxc3+ 7. bxc3 Qxc3+
8. Ke2 gxf6 9. Rc1 Qa5 10. Qd2 Qxd2+ 11. Kxd2 b6 12. Nf3 d6 13. g3 Bb7 14. Bg2
c5 15. Ke2 Nc6 16. Rhd1 Ke7 17. Kf1 Rac8 18. Rb1 Ba6 19. Rdc1 Na5 20. Kg1 Bxc4
21. Rb2 Bd5 22. Rbc2 Rc7 23. Nd2 Bxg2 24. Kxg2 Nc6 25. Nb3 Nb4 26. Rb2 Nd3 27.
Rbc2 Nxc1 28. Rxc1 c4 29. a4 Rhc8 30. Nd2 f5 31. f4 d5 32. Kf2 a6 33. Nb1 b5
34. a5 b4 0-1

[Event "Open SSM Settembre"]
[Site "Milano ITA"]
[Date "2015.09.10"]
[Round "1"]
[White "Colica, Daniele"]
[Black "Mina, N. Mina"]
[WhiteElo "1660"]
[BlackElo "2166"]
[Result "0-1"]
[PlyCount "70"]
[EventDate "2015.10.15"]

1. e4 e5 2. Nf3 Nc6 3. d4 exd4 4. Nxd4 g6 5. Be3 Bg7 6. Nc3 Nf6 7. Be2 O-O 8.
O-O Re8 9. f3 d6 10. Qd2 Bd7 11. Rad1 a6 12. Qc1 b5 13. Rfe1 b4 14. Nd5 Nxd5
15. exd5 Nxd4 16. Bxd4 Bb5 17. Bxg7 Bxe2 18. Rd2 Bxf3 19. Rxe8+ Qxe8 20. Bf6
Qe3+ 21. Kh1 Re8 22. gxf3 Qxf3+ 23. Kg1 Qxf6 24. Rf2 Qe5 25. Qf1 Qg5+ 26. Rg2
Qxd5 27. h3 Qe6 28. Kh2 Qe5+ 29. Kg1 Qe1 30. Rg4 c5 31. c3 bxc3 32. bxc3 Qxc3
33. Kh2 Qe5+ 34. Qf4 Qxf4+ 35. Rxf4 Re2+ 0-1

[Event "Open SSM Settembre"]
[Site "Milano ITA"]
[Date "2015.09.10"]
[Round "1"]
[White "Laico, Emanuele"]
[Black "Calabrese, Maurizio"]
[WhiteElo "1778"]
[BlackElo "1462"]
[Result "1-0"]
[PlyCount "53"]
[EventDate "2015.10.15"]

1. d4 Nf6 2. c4 c6 3. Nc3 d5 4. Bg5 e6 5. e3 h6 6. Bh4 g5 7. Bg3 Bd6 8. Nf3 Ne4
9. Nxe4 dxe4 10. Nd2 Bb4 11. a3 Bxd2+ 12. Qxd2 a5 13. Be2 b6 14. f3 exf3 15.
Bxf3 O-O 16. h4 Qe7 17. hxg5 hxg5 18. Qd3 f5 19. Be5 Rf6 20. O-O-O Bb7 21. Rh5
g4 22. Rdh1 Qg7 23. Rh8+ Qxh8 24. Rxh8+ Kg7 25. Bxf6+ Kxf6 26. Be2 Kg7 27. Rd8
1-0

[Event "Open SSM Settembre"]
[Site "Milano ITA"]
[Date "2015.09.08"]
[Round "1"]
[White "Marchini, Daniele"]
[Black "Ruggeri, Igor"]
[WhiteElo "1885"]
[BlackElo "1556"]
[Result "1-0"]
[PlyCount "43"]
[EventDate "2015.10.15"]

1. d4 Nf6 2. Nf3 d5 3. g3 g6 4. Bg2 Bg7 5. c4 e6 6. Bf4 Nbd7 7. Nc3 O-O 8. Nb5
c6 9. Nc7 e5 10. dxe5 Nh5 11. Nxa8 Nxf4 12. gxf4 Nc5 13. cxd5 cxd5 14. Rc1 Na6
15. Ng5 Be6 16. O-O Qxa8 17. Bxd5 Rd8 18. Nxe6 fxe6 19. Bxe6+ Kh8 20. Qxd8+
Qxd8 21. Rc8 Qxc8 22. Bxc8 1-0

[Event "Open SSM Settembre"]
[Site "Milano ITA"]
[Date "2015.09.10"]
[Round "1"]
[White "Mazzoccoli, Simone"]
[Black "Figini, Vittorio"]
[WhiteElo "1804"]
[BlackElo "1473"]
[Result "1-0"]
[PlyCount "71"]
[EventDate "2015.10.15"]

1. e4 c5 2. Nc3 d6 3. g3 Nf6 4. Bg2 Nc6 5. d3 e6 6. Nge2 Be7 7. O-O Bd7 8. h3
a6 9. a4 Qc7 10. Bg5 O-O 11. Qd2 Rfe8 12. d4 cxd4 13. Nxd4 Rab8 14. Rad1 Rbd8
15. Rfe1 Qc8 16. Kh2 Ne5 17. b3 Ng6 18. Be3 Qc7 19. f4 e5 20. Nde2 Bc6 21. f5
Nf8 22. Nc1 Rd7 23. Qf2 Qb8 24. N1a2 a5 25. Nd5 b5 26. axb5 Bxb5 27. Nac3 Bc6
28. Nb6 Rb7 29. Nc4 Qa8 30. Nxd6 Bxd6 31. Rxd6 Rb4 32. Nd5 Nxe4 33. Bxe4 Rxe4
34. Nc7 Qc8 35. Rxc6 Re7 36. Nd5 1-0

[Event "Open SSM Settembre"]
[Site "Milano ITA"]
[Date "2015.09.10"]
[Round "1"]
[White "Pasini, Nicolo'"]
[Black "Arena, Ignazio"]
[WhiteElo "1862"]
[BlackElo "1490"]
[Result "1-0"]
[PlyCount "57"]
[EventDate "2015.10.15"]

1. e4 c5 2. Nf3 d6 3. d4 cxd4 4. Nxd4 Nf6 5. Nc3 g6 6. Be3 Bg7 7. f3 Nc6 8. Qd2
O-O 9. O-O-O a6 10. g4 Nxd4 11. Bxd4 b5 12. h4 h6 13. g5 hxg5 14. hxg5 Nh5 15.
Bxg7 Nxg7 16. Qh2 Nh5 17. Be2 Kg7 18. f4 Rh8 19. Qf2 Bb7 20. f5 Rc8 21. f6+
exf6 22. Bxh5 gxh5 23. gxf6+ Kf8 24. Nd5 Rc4 25. e5 Bxd5 26. Rxd5 Rc6 27. Rhd1
Qc7 28. Qg2 Qc8 29. Qg7+ 1-0

[Event "Open SSM Settembre"]
[Site "Milano ITA"]
[Date "2015.09.10"]
[Round "1"]
[White "Pelizzola, Danilo"]
[Black "Nikonov, Maxim"]
[WhiteElo "2041"]
[BlackElo "1607"]
[Result "1-0"]
[PlyCount "51"]
[EventDate "2015.10.15"]

1. e4 c6 2. d4 d5 3. Nd2 dxe4 4. Nxe4 Bf5 5. Ng3 Bg6 6. Bc4 e6 7. N1e2 Nf6 8.
O-O Be7 9. c3 Nbd7 10. f4 Nb6 11. Bb3 O-O 12. f5 exf5 13. Nxf5 Bxf5 14. Rxf5
Nbd5 15. c4 Nb6 16. Qd3 g6 17. Rf3 Re8 18. Bd2 Bf8 19. Raf1 Nfd7 20. c5 Nd5 21.
Bxd5 cxd5 22. Rxf7 Bg7 23. Qb5 a6 24. Qxd7 Qxd7 25. Rxd7 Rxe2 26. Bc3 1-0

[Event "Open SSM Settembre"]
[Site "Milano ITA"]
[Date "2015.09.10"]
[Round "1"]
[White "Pirovano, Ezio"]
[Black "Aloe, Giancarlo"]
[WhiteElo "1463"]
[BlackElo "1794"]
[Result "0-1"]
[PlyCount "66"]
[EventDate "2015.10.15"]

1. e4 c5 2. Nf3 e6 3. d4 cxd4 4. Nxd4 Nc6 5. Nc3 a6 6. Be2 Nf6 7. O-O Bb4 8.
Nxc6 bxc6 9. Qd3 O-O 10. e5 Bxc3 11. bxc3 Nd5 12. Qg3 Kh8 13. Ba3 Rg8 14. c4
Ne7 15. Bd3 Ng6 16. Bxg6 fxg6 17. Rfd1 g5 18. Qf3 Qe8 19. Rd4 Qg6 20. Qd3 Qh5
21. Re1 h6 22. Re3 Rb8 23. Qd1 Qg6 24. h3 a5 25. Rb3 Ba6 26. Rc3 Qf5 27. Re3
Rb6 28. Qd3 Rb1+ 29. Kh2 Qxf2 30. Rf3 Qg1+ 31. Kg3 Qe1+ 32. Kh2 Qxe5+ 33. Rff4
gxf4 0-1

[Event "Open SSM Settembre"]
[Site "Milano ITA"]
[Date "2015.09.10"]
[Round "1"]
[White "Poletto, Daniele"]
[Black "Altissimo, Dino"]
[WhiteElo "1722"]
[BlackElo "1440"]
[Result "1-0"]
[PlyCount "59"]
[EventDate "2015.10.15"]

1. c4 Nf6 2. Nc3 e6 3. e4 d6 4. g3 c5 5. Bg2 Be7 6. Nge2 e5 7. d3 Nc6 8. O-O
O-O 9. f4 Bg4 10. h3 Bxe2 11. Nxe2 Rb8 12. a4 a5 13. f5 Nb4 14. Kh2 b6 15. g4
Kh8 16. Ng3 Ng8 17. Be3 Bg5 18. Bxg5 Qxg5 19. Rf3 Qd8 20. Qd2 f6 21. Ne2 Nh6
22. Rg3 Nf7 23. h4 Nh6 24. g5 fxg5 25. hxg5 Ng8 26. Rh1 Nc6 27. Kg1 Nd4 28.
Nxd4 cxd4 29. Rgh3 Nh6 30. gxh6 1-0

[Event "Open SSM Settembre"]
[Site "Milano ITA"]
[Date "2015.09.10"]
[Round "1"]
[White "Rindone, Andrea"]
[Black "Mazzariol, Oscar"]
[WhiteElo "1569"]
[BlackElo "2015"]
[Result "0-1"]
[PlyCount "43"]
[EventDate "2015.10.15"]

1. e4 e5 2. Nf3 Nc6 3. Bc4 Nf6 4. d3 Be7 5. Nc3 O-O 6. d4 exd4 7. Nxd4 Bb4 8.
Bg5 h6 9. Bh4 g5 10. Bg3 Nxe4 11. O-O Nxc3 12. Qd3 d5 13. Nxc6 bxc6 14. bxc3
Bd6 15. Bb3 a5 16. a4 Qf6 17. c4 Ba6 18. Rad1 Rad8 19. c3 dxc4 20. Bxc4 Bxg3
21. fxg3 Rxd3 22. Bxd3 0-1

[Event "Open SSM Settembre"]
[Site "Milano ITA"]
[Date "2015.09.10"]
[Round "1"]
[White "Tomarchio, Cono"]
[Black "Crippa, Oscar"]
[WhiteElo "1372"]
[BlackElo "1686"]
[Result "0-1"]
[PlyCount "72"]
[EventDate "2015.10.15"]

1. e4 e6 2. Nf3 d5 3. exd5 exd5 4. d4 Nf6 5. Bg5 Be7 6. c3 O-O 7. Be2 Re8 8.
O-O c6 9. Nbd2 Bf5 10. Ne5 Nbd7 11. Ndf3 Nf8 12. c4 h6 13. Bh4 a6 14. Rc1 Rc8
15. b3 Be4 16. Nd2 Bh7 17. a4 Ng6 18. Ndf3 Nxh4 19. Nxh4 Qb6 20. Nhf3 Ba3 21.
Ra1 Bb4 22. Bd3 Ne4 23. Bxe4 Bxe4 24. c5 Qd8 25. Nd2 Bc3 26. Nef3 Bxa1 27. Qxa1
Rc7 28. b4 Rce7 29. Nxe4 Rxe4 30. Ne5 f6 31. f3 Re2 32. Nd3 Qe7 33. Qd1 Qe3+
34. Rf2 Rxf2 35. Nxf2 Qe1+ 36. Qxe1 Rxe1# 0-1

[Event "Open SSM Settembre"]
[Site "Milano ITA"]
[Date "2015.09.10"]
[Round "1"]
[White "Vece, Luigi"]
[Black "Miracola, Giorgia"]
[WhiteElo "1554"]
[BlackElo "1867"]
[Result "0-1"]
[PlyCount "98"]
[EventDate "2015.10.15"]

1. e4 c5 2. Nf3 e6 3. d4 cxd4 4. Nxd4 Nf6 5. Nd2 d6 6. Bb5+ Bd7 7. Qe2 a6 8.
Bxd7+ Qxd7 9. N2f3 Be7 10. O-O O-O 11. Bg5 Nc6 12. Rfd1 Qc7 13. Nxc6 Qxc6 14.
e5 dxe5 15. Nxe5 Qc7 16. Nd7 Nxd7 17. Bxe7 Rfc8 18. c3 Nb6 19. Bd6 Qc4 20. Qf3
Nd5 21. Qd3 b5 22. Qxc4 Rxc4 23. Rd2 Rc6 24. Bg3 Rac8 25. f3 b4 26. cxb4 Rc1+
27. Rd1 R1c2 28. Bf2 Rxb2 29. Bd4 Rxb4 30. Rac1 Rbc4 31. Rxc4 Rxc4 32. Rb1 h5
33. Be5 Rc2 34. Rb2 Rxb2 35. Bxb2 f6 36. Kf1 Ne3+ 37. Kg1 e5 38. Bc1 Nd5 39. g3
Nc3 40. Kf1 Nxa2 41. Bd2 Kf7 42. Ke2 Ke6 43. Kd3 Kd5 44. h4 g6 45. g4 f5 46.
gxh5 gxh5 47. Kc2 Kc4 48. Ba5 Nb4+ 49. Kd2 Nc6 0-1

[Event "Open SSM Settembre"]
[Site "Milano ITA"]
[Date "2015.09.10"]
[Round "1"]
[White "Vezzosi, Paolo"]
[Black "Carli, Federico"]
[WhiteElo "2353"]
[BlackElo "1675"]
[Result "1-0"]
[PlyCount "41"]
[EventDate "2015.10.15"]

1. d4 Nf6 2. Nf3 g6 3. Nc3 d5 4. Bf4 Bg7 5. e3 O-O 6. Be2 c6 7. Ne5 Nbd7 8. Qd2
Nxe5 9. Bxe5 Nd7 10. Bxg7 Kxg7 11. O-O-O b5 12. h4 Nb6 13. h5 a5 14. e4 Rh8 15.
e5 Be6 16. Bd3 b4 17. Ne2 Nc4 18. Qg5 Qd7 19. hxg6 hxg6 20. Nf4 Bf5 21. e6 1-0

[Event "Open SSM Settembre"]
[Site "Milano ITA"]
[Date "2015.09.11"]
[Round "2"]
[White "Aloe, Giancarlo"]
[Black "Vezzosi, Paolo"]
[WhiteElo "1794"]
[BlackElo "2353"]
[Result "0-1"]
[PlyCount "76"]
[EventDate "2015.10.15"]

1. Nf3 Nf6 2. d4 g6 3. c4 Bg7 4. Nc3 O-O 5. g3 d5 6. Bg2 dxc4 7. Ne5 c5 8. e3
cxd4 9. exd4 Nbd7 10. Nxc4 Nb6 11. Nxb6 Qxb6 12. O-O Rd8 13. Qe2 Be6 14. Be3
Nd5 15. Na4 Qb4 16. Nc5 Nxe3 17. fxe3 Bc4 18. Qf2 Bxf1 19. Rxf1 f5 20. Nxb7
Rxd4 21. a3 Qb6 22. b4 Kh8 23. Nc5 Rad8 24. Qf3 Rd2 25. h4 Ra2 26. h5 Rxa3 27.
hxg6 hxg6 28. Qf4 Rxe3 29. Kh1 Re5 30. Qh4+ Kg8 31. Qc4+ e6 32. Qh4 Kf7 33. Qc4
a5 34. Ne4 Rh8+ 35. Bh3 Qb7 36. Kg1 Rxe4 37. Bg2 Qb6+ 38. Qc5 Bd4+ 0-1

[Event "Open SSM Settembre"]
[Site "Milano ITA"]
[Date "2015.09.11"]
[Round "2"]
[White "Altissimo, Dino"]
[Black "Vece, Luigi"]
[WhiteElo "1440"]
[BlackElo "1554"]
[Result "0-1"]
[PlyCount "92"]
[EventDate "2015.10.15"]

1. e4 c5 2. c4 Nc6 3. Nf3 e6 4. Nc3 Nge7 5. Be2 d5 6. d3 d4 7. Nb5 a6 8. Na3
Ng6 9. b3 Be7 10. Nc2 O-O 11. O-O e5 12. Re1 f5 13. Bf1 fxe4 14. Rxe4 Bf5 15.
Re1 Bg4 16. Be2 Nf4 17. Bxf4 exf4 18. h3 Bf5 19. Nh2 Bd6 20. Bf3 Qd7 21. Ng4
Rae8 22. Qd2 h5 23. Nh2 g6 24. Rxe8 Rxe8 25. Re1 Rxe1+ 26. Nxe1 b6 27. Qe2 Kg7
28. Bxc6 Qxc6 29. Nhf3 Qc7 30. h4 Qe7 31. Qd2 Qc7 32. Ng5 b5 33. Nef3 bxc4 34.
bxc4 Qb7 35. Qe2 a5 36. Kh2 a4 37. Ne6+ Kf6 38. Neg5 a3 39. Ne4+ Bxe4 40. dxe4
Be5 41. g3 fxg3+ 42. fxg3 Qb2 43. Qxb2 axb2 44. Nd2 d3 45. a4 Bc3 46. Nb1 d2
0-1

[Event "Open SSM Settembre"]
[Site "Milano ITA"]
[Date "2015.09.11"]
[Round "2"]
[White "Arena, Ignazio"]
[Black "Tomarchio, Cono"]
[WhiteElo "1490"]
[BlackElo "1372"]
[Result "1-0"]
[PlyCount "69"]
[EventDate "2015.10.15"]

1. d4 Nf6 2. c4 d5 3. cxd5 Nxd5 4. e4 Nb4 5. Nc3 e6 6. Nf3 N4c6 7. Bb5 a6 8.
Ba4 Bb4 9. O-O O-O 10. Be3 b5 11. Bc2 Bb7 12. Qd3 Ne7 13. Rad1 Ng6 14. d5 e5
15. a3 Be7 16. Ne2 Nd7 17. Ng3 Bc5 18. Bc1 Bd6 19. Nf5 Nf6 20. b4 Bc8 21. Rfe1
Re8 22. Ng3 Bg4 23. h3 Bxf3 24. Qxf3 Nh4 25. Qd3 h6 26. Be3 Qc8 27. Rc1 Ng6 28.
Nf5 Qd7 29. Bb3 Nf4 30. Bxf4 exf4 31. Nd4 Rac8 32. Nc6 g6 33. e5 Bxe5 34. Rxe5
Rxe5 35. Nxe5 1-0

[Event "Open SSM Settembre"]
[Site "Milano ITA"]
[Date "2015.09.11"]
[Round "2"]
[White "Calabrese, Maurizio"]
[Black "Rindone, Andrea"]
[WhiteElo "1462"]
[BlackElo "1569"]
[Result "0-1"]
[PlyCount "68"]
[EventDate "2015.10.15"]

1. e4 e5 2. Nf3 Nc6 3. Bb5 a6 4. Ba4 Nf6 5. O-O Be7 6. Re1 O-O 7. a3 b5 8. Bb3
d6 9. Nc3 Be6 10. Nd5 Na5 11. Ba2 c6 12. Nxe7+ Qxe7 13. b3 Nb7 14. Bb2 Nc5 15.
d4 exd4 16. Nxd4 Bg4 17. Nf5 Qxe4 18. Nh6+ gxh6 19. Bxf6 Qe6 20. Qd4 Qf5 21.
Re3 Qg6 22. Rg3 Ne4 23. Rf1 Nxf6 24. f3 Rfe8 25. fxg4 Re6 26. b4 d5 27. Rgf3
Nxg4 28. h3 Re4 29. Qd2 Ne5 30. Qf2 Nxf3+ 31. Qxf3 Rae8 32. c3 Re3 33. Qf4 Re2
34. g4 R8e4 0-1

[Event "Open SSM Settembre"]
[Site "Milano ITA"]
[Date "2015.09.11"]
[Round "2"]
[White "Crippa, Oscar"]
[Black "Marchini, Daniele"]
[WhiteElo "1686"]
[BlackElo "1885"]
[Result "0-1"]
[PlyCount "78"]
[EventDate "2015.10.15"]

1. e4 e6 2. d4 d5 3. e5 c5 4. c3 Nc6 5. Nf3 Qb6 6. Bd3 cxd4 7. cxd4 Bd7 8. O-O
Nxd4 9. Nxd4 Qxd4 10. Nc3 Qb6 11. Qe2 a6 12. Kh1 Bb4 13. Qg4 g6 14. Be3 Bc5 15.
Na4 Bxa4 16. Qxa4+ Kd8 17. Bd2 Ke7 18. Rac1 a5 19. Rc2 Kf8 20. Rfc1 Bd4 21. Bf4
Kg7 22. Rc7 Rd8 23. Bg5 Rf8 24. f4 Bxb2 25. R1c2 Bxe5 26. fxe5 Qb1+ 27. Rc1
Qxd3 28. Qxa5 h6 29. Bh4 g5 30. Bg3 h5 31. Qb6 Qf5 32. a4 h4 33. Bf2 h3 34. Bg3
hxg2+ 35. Kxg2 Nh6 36. Rf1 Qe4+ 37. Kg1 Qg4 38. Qf2 Nf5 39. Rxb7 Qxa4 $138 0-1

[Event "Open SSM Settembre"]
[Site "Milano ITA"]
[Date "2015.09.11"]
[Round "2"]
[White "Figini, Vittorio"]
[Black "Colica, Daniele"]
[WhiteElo "1473"]
[BlackElo "1660"]
[Result "1-0"]
[PlyCount "75"]
[EventDate "2015.10.15"]

1. e4 Nf6 2. Nc3 d5 3. exd5 Nxd5 4. Bc4 Nb6 5. Bb3 Nc6 6. Nf3 Bf5 7. Ng5 e6 8.
Nxf7 Kxf7 9. d3 Bb4 10. Qf3 Qf6 11. O-O Nd4 12. Qxb7 Bd6 13. Re1 Rhe8 14. Be3
Reb8 15. Qa6 Nxb3 16. axb3 Bg6 17. Re2 Nd7 18. Rae1 Nc5 19. Qc4 Nd7 20. Bd4 Nb6
21. Qc6 Bxh2+ 22. Kxh2 Qxd4 23. Qxc7+ Qd7 24. Qf4+ Kg8 25. Rxe6 Rf8 26. Qg5
Qc7+ 27. Kg1 Qf4 28. Qxf4 Rxf4 29. Re7 Bf7 30. Nb5 a6 31. Nd6 Nd5 32. Rb7 Rd8
33. c4 Rxd6 34. Rb8+ Be8 35. Rexe8+ Kf7 36. cxd5 Rxd5 37. Rf8+ Kg6 38. Rxf4 1-0

[Event "Open SSM Settembre"]
[Site "Milano ITA"]
[Date "2015.09.11"]
[Round "2"]
[White "Maccari, Piergiuseppe"]
[Black "Cagnotto, Marco"]
[WhiteElo "1831"]
[BlackElo "1680"]
[Result "1-0"]
[PlyCount "49"]
[EventDate "2015.10.15"]

1. Nf3 Nf6 2. g3 g6 3. Bg2 Bg7 4. O-O d6 5. d4 O-O 6. c4 c5 7. Nc3 Bd7 8. dxc5
dxc5 9. Ne5 Qc8 10. Qb3 Nc6 11. Bf4 Nh5 12. Nxd7 Qxd7 13. Rfd1 Qc8 14. Be3 b6
15. Qa4 Ne5 16. Bxa8 Qxa8 17. Nd5 e6 18. Nf4 Nf6 19. Rac1 g5 20. Ng2 Qe4 21. h3
Qf5 22. Kh2 h5 23. Qc2 Neg4+ 24. hxg4 Nxg4+ 25. Kg1 1-0

[Event "Open SSM Settembre"]
[Site "Milano ITA"]
[Date "2015.09.11"]
[Round "2"]
[White "Mazzariol, Oscar"]
[Black "Laico, Emanuele"]
[WhiteElo "2015"]
[BlackElo "1778"]
[Result "1/2-1/2"]
[PlyCount "74"]
[EventDate "2015.10.15"]

1. d4 Nf6 2. Nf3 e6 3. Nbd2 c5 4. e3 d5 5. Bd3 Nbd7 6. c3 b6 7. Qe2 Bb7 8. e4
dxe4 9. Nxe4 Bxe4 10. Bxe4 Nxe4 11. Qxe4 Be7 12. dxc5 bxc5 13. Bf4 O-O 14. Rd1
Qc8 15. O-O Nf6 16. Qe2 Qb7 17. Ne5 Rfd8 18. Nc4 Qa6 19. a3 Nd5 20. Be5 Bf6 21.
Rfe1 Bxe5 22. Nxe5 Qxe2 23. Rxe2 Nxc3 24. Rxd8+ Rxd8 25. Re1 Rd1 26. Rxd1 Nxd1
27. Nc4 e5 28. Kf1 f6 29. Ke1 Nxf2 30. Kxf2 Kf7 31. Ke3 Ke6 32. g4 Kd5 33. b3
g6 34. Kd3 f5 35. gxf5 gxf5 36. a4 Ke6 37. Nd2 Kd5 1/2-1/2

[Event "Open SSM Settembre"]
[Site "Milano ITA"]
[Date "2015.09.11"]
[Round "2"]
[White "Mina, N. Mina"]
[Black "Mazzoccoli, Simone"]
[WhiteElo "2166"]
[BlackElo "1804"]
[Result "1-0"]
[PlyCount "44"]
[EventDate "2015.10.15"]

1. c4 g6 2. Nc3 Bg7 3. g3 e5 4. Bg2 d6 5. d3 Nc6 6. e3 Nge7 7. Nge2 O-O 8. O-O
Bd7 9. Rb1 a5 10. a3 Qc8 11. Nd5 Nxd5 12. cxd5 Ne7 13. Qb3 b6 14. Bd2 Bh3 15.
Rbc1 Bxg2 16. Kxg2 Qd7 17. Nc3 c6 18. dxc6 Nxc6 19. Nd5 Rfb8 20. Qb5 Rc8 21.
Rc4 Nb8 22. Qxd7 Nxd7 1-0

[Event "Open SSM Settembre"]
[Site "Milano ITA"]
[Date "2015.09.11"]
[Round "2"]
[White "Miracola, Giorgia"]
[Black "Poletto, Daniele"]
[WhiteElo "1867"]
[BlackElo "1722"]
[Result "1-0"]
[PlyCount "83"]
[EventDate "2015.10.15"]

1. e4 c5 2. Nf3 e6 3. d4 cxd4 4. Nxd4 a6 5. c4 Nf6 6. Nc3 Qc7 7. Be2 Bb4 8. f3
Nc6 9. Be3 O-O 10. O-O Bc5 11. Qd2 Nxd4 12. Bxd4 Qb6 13. Bxc5 Qxc5+ 14. Kh1 d6
15. Rfd1 Rd8 16. Na4 Qc6 17. Qb4 a5 18. Qb6 Qxb6 19. Nxb6 Rb8 20. e5 Ne8 21.
exd6 Bd7 22. Nxd7 Rxd7 23. c5 Nf6 24. a3 g6 25. Bc4 Rdd8 26. b4 Nd7 27. Rac1
axb4 28. axb4 Kg7 29. Be2 Rbc8 30. g3 h5 31. f4 h4 32. Bf3 Rb8 33. b5 hxg3 34.
hxg3 Rh8+ 35. Kg2 Kf6 36. Rh1 Rhc8 37. c6 bxc6 38. bxc6 Rb2+ 39. Kh3 Rh8+ 40.
Kg4 Rxh1 41. Bxh1 Nb6 42. c7 1-0

[Event "Open SSM Settembre"]
[Site "Milano ITA"]
[Date "2015.09.11"]
[Round "2"]
[White "Nikonov, Maxim"]
[Black "Pirovano, Ezio"]
[WhiteElo "1607"]
[BlackElo "1463"]
[Result "0-1"]
[PlyCount "112"]
[EventDate "2015.10.15"]

1. e4 c6 2. d4 d5 3. Nc3 dxe4 4. Nxe4 Bf5 5. Ng3 Bg6 6. h4 h6 7. Nf3 Nd7 8. h5
Bh7 9. Bd3 Bxd3 10. Qxd3 e6 11. Bf4 Qa5+ 12. Bd2 Qc7 13. O-O-O O-O-O 14. Kb1
Ngf6 15. Ne4 Nxe4 16. Qxe4 Nf6 17. Qe2 Bd6 18. Ne5 Bxe5 19. dxe5 Nd5 20. f4 Qb6
21. Rh3 Rd7 22. Rb3 Qd8 23. Ra3 Kb8 24. Rf1 Nb6 25. Ba5 Rd5 26. Bxb6 Qxb6 27.
Rb3 Qc7 28. Rff3 Rhd8 29. Rfd3 R8d7 30. c4 Rxd3 31. Rxd3 Qd8 32. Kc2 Rxd3 33.
Qxd3 Qxd3+ 34. Kxd3 Kc7 35. g4 c5 36. Ke4 Kc6 37. g5 b6 38. b3 a6 39. a4 a5 40.
gxh6 gxh6 41. f5 Kd7 42. fxe6+ Kxe6 43. Kf4 f5 44. exf6 Kxf6 45. Kg4 Ke5 46.
Kg3 Kf5 47. Kh4 Kf4 48. Kh3 Kg5 49. Kg3 Kxh5 50. Kf4 Kh4 51. Kf3 Kh3 52. Kf2
Kg4 53. Kg2 h5 54. Kh2 h4 55. Kg2 h3+ 56. Kh2 Kf3 0-1

[Event "Open SSM Settembre"]
[Site "Milano ITA"]
[Date "2015.09.11"]
[Round "2"]
[White "Ruggeri, Igor"]
[Black "Ceraulo, Carlo Alberto"]
[WhiteElo "1556"]
[BlackElo "1456"]
[Result "1/2-1/2"]
[PlyCount "90"]
[EventDate "2015.10.15"]

1. d4 d5 2. c4 dxc4 3. Nf3 Nf6 4. Nc3 Bf5 5. e3 e6 6. Bxc4 c6 7. O-O Nbd7 8. a3
Bd6 9. Re1 Ne4 10. Nxe4 Bxe4 11. Bd3 Nf6 12. Ng5 Bxd3 13. Qxd3 Bxh2+ 14. Kf1
Bc7 15. e4 e5 16. Qb3 O-O 17. dxe5 Bxe5 18. Ne6 fxe6 19. Qxe6+ Kh8 20. Qxe5 Re8
21. Qg3 Nxe4 22. Qf3 Nd2+ 23. Bxd2 Qxd2 24. b4 Rf8 25. Qe3 Qxe3 26. Rxe3 Rad8
27. Re7 Kg8 28. Rxb7 Rf7 29. Rxf7 Kxf7 30. Rc1 Rd6 31. b5 Ke7 32. bxc6 Kd8 33.
c7+ Kc8 34. Re1 Kxc7 35. Re7+ Rd7 36. Rxd7+ Kxd7 37. Ke2 Ke6 38. Ke3 h5 39. Kf4
Kf6 40. g3 g5+ 41. Ke4 Ke6 42. a4 a5 43. f3 Kf6 44. f4 gxf4 45. Kxf4 Kg6
1/2-1/2

[Event "Open SSM Settembre"]
[Site "Milano ITA"]
[Date "2015.09.11"]
[Round "2"]
[White "Zaccheroni, Dario"]
[Black "Pelizzola, Danilo"]
[WhiteElo "1776"]
[BlackElo "2041"]
[Result "1/2-1/2"]
[PlyCount "63"]
[EventDate "2015.10.15"]

1. d4 Nf6 2. c4 e6 3. Nc3 Bb4 4. Qc2 d5 5. a3 Be7 6. Bg5 O-O 7. e3 b6 8. Nf3
Bb7 9. cxd5 exd5 10. Bd3 Nbd7 11. b4 h6 12. Bh4 a6 13. Na4 Re8 14. O-O Bd6 15.
Rfc1 Qe7 16. Bg3 Bxg3 17. hxg3 c6 18. Ne5 Nxe5 19. dxe5 Nd7 20. Bf5 Nxe5 21.
Nxb6 Rad8 22. Na4 Rd6 23. Nc5 Rf6 24. Ra2 g6 25. Bd3 Ra8 26. Be2 Bc8 27. Qa4 h5
28. Rd2 Ng4 29. Bf3 Ne5 30. Be2 Ng4 31. Bf3 Ne5 32. Be2 1/2-1/2

[Event "Open SSM Settembre"]
[Site "Milano ITA"]
[Date "2015.09.12"]
[Round "3"]
[White "Cagnotto, Marco"]
[Black "Miracola, Giuseppe"]
[WhiteElo "1680"]
[BlackElo "1179"]
[Result "1-0"]
[PlyCount "85"]
[EventDate "2015.10.15"]

1. e4 e6 2. d4 d5 3. e5 c5 4. c3 Nc6 5. Nf3 Qb6 6. Be2 cxd4 7. cxd4 Nge7 8. Nc3
Nf5 9. Na4 Qc7 10. O-O Be7 11. b3 O-O 12. Bb2 a6 13. Rc1 Bd7 14. Nc5 Rab8 15.
Nxd7 Qxd7 16. Qd2 Rbc8 17. a3 Rc7 18. Rc2 Rfc8 19. Rfc1 b5 20. Bd3 h6 21. Bxf5
exf5 22. Ne1 b4 23. axb4 Bxb4 24. Bc3 a5 25. Bxb4 Nxb4 26. Rc3 Rxc3 27. Rxc3
Rxc3 28. Qxc3 Qc6 29. Qxc6 Nxc6 30. Nc2 f4 31. Kf1 Kf8 32. Ke2 Nb4 33. Nxb4
axb4 34. Kf3 g5 35. Kg4 Kg7 36. Kh5 f5 37. exf6+ Kxf6 38. Kxh6 Kf5 39. f3 g4
40. Kh5 g3 41. h3 Kf6 42. Kg4 Kg6 43. Kxf4 1-0

[Event "Open SSM Settembre"]
[Site "Milano ITA"]
[Date "2015.09.12"]
[Round "3"]
[White "Ceraulo, Carlo Alberto"]
[Black "Nikonov, Maxim"]
[WhiteElo "1456"]
[BlackElo "1607"]
[Result "1/2-1/2"]
[PlyCount "36"]
[EventDate "2015.10.15"]

1. d4 f5 2. Nf3 Nf6 3. g3 e6 4. Bg2 d5 5. O-O Bd6 6. b3 Qe7 7. Nbd2 O-O 8. c4
c6 9. c5 Bc7 10. b4 a5 11. bxa5 Nbd7 12. Nb3 Ne4 13. Qc2 e5 14. e3 Ndf6 15.
Nfd2 Be6 16. f3 Ng5 17. Rb1 Nf7 18. Re1 Qd7 1/2-1/2

[Event "Open SSM Settembre"]
[Site "Milano ITA"]
[Date "2015.09.12"]
[Round "3"]
[White "Colica, Daniele"]
[Black "Calabrese, Maurizio"]
[WhiteElo "1660"]
[BlackElo "1462"]
[Result "1-0"]
[PlyCount "105"]
[EventDate "2015.10.15"]

1. e4 c5 2. Nf3 d6 3. d4 cxd4 4. Qxd4 e5 5. Qd1 Bg4 6. Be2 Nc6 7. Be3 Nf6 8.
Nc3 h6 9. O-O Be7 10. Qd2 a6 11. Ne1 O-O 12. Qd1 Bxe2 13. Qxe2 b5 14. a3 d5 15.
exd5 Nxd5 16. Nxd5 Qxd5 17. Rd1 Qe6 18. Nd3 f5 19. Bc5 Rae8 20. Nf4 Qf7 21. Qf3
e4 22. Qe3 Bxc5 23. Qxc5 Ne5 24. Rd5 Rc8 25. Qd4 Nc6 26. Qd2 g5 27. Ne2 Ne7 28.
Rd7 Rfe8 29. Nc3 Qc4 30. Rd1 Rc6 31. Rd8 Qf7 32. Qd7 Rxd8 33. Qxd8+ Qf8 34. Qd7
Kf7 35. Nd5 Re6 36. Nc7 Re5 37. Rd5 Rxd5 38. Nxd5 Qe8 39. Qd6 Ng8 40. Qxa6 Qd7
41. Ne3 f4 42. Nf1 Nf6 43. Qa5 e3 44. fxe3 Qd1 45. Qd2 Qxd2 46. Nxd2 fxe3 47.
Nf3 g4 48. Ne1 Ke6 49. Kf1 Ke5 50. Ke2 Ke4 51. g3 Nh7 52. Ng2 Ng5 53. Nxe3 1-0

[Event "Open SSM Settembre"]
[Site "Milano ITA"]
[Date "2015.09.12"]
[Round "3"]
[White "Fantina, Carla"]
[Black "Ruggeri, Igor"]
[WhiteElo "1328"]
[BlackElo "1556"]
[Result "0-1"]
[PlyCount "94"]
[EventDate "2015.10.15"]

1. c4 c5 2. g3 Nf6 3. Bg2 d5 4. cxd5 Nxd5 5. Nc3 e6 6. Nf3 g6 7. O-O Bg7 8. d3
O-O 9. Nxd5 exd5 10. Rb1 Nc6 11. a3 Bf5 12. h3 Rc8 13. Bf4 c4 14. g4 Be6 15.
dxc4 dxc4 16. Qc1 b5 17. Rd1 Qb6 18. Be3 Qb7 19. Ng5 Qe7 20. Nxe6 Qxe6 21. f4
Rfe8 22. Bc5 Red8 23. Rxd8+ Rxd8 24. Bxc6 Qxc6 25. Bxa7 Qe4 26. Qf1 Rd2 27. e3
Bxb2 28. Bc5 Qd5 29. Bb4 c3 30. f5 Qe4 31. Re1 Qe5 32. Re2 Qg3+ 33. Kh1 Rxe2
34. Qxe2 Qxh3+ 35. Kg1 Qg3+ 36. Kh1 Qe5 37. Qd3 Qc7 38. Qc2 Qc4 39. e4 Qf1+ 40.
Kh2 Qf4+ 41. Kh3 Qd2 42. Qb3 Qe3+ 43. Kh4 Qxe4 44. Bxc3 gxf5 45. Kg5 Qxg4+ 46.
Kf6 Bxc3+ 47. Ke7 Qc4 0-1